000 01219nam2a22002771 4500
001 v19\rc\1564340
005 20250618203043.0
035 _a(NLR Aleph) 004695194
090 _a3989999
_c3989999
100 _a20061002d1901 |||y0rusy50 ca
101 0 _arus
102 _aRU
105 _ay z |||||
200 1 _a1. Подготовительные работы
210 _d1901
_aБ. м.
215 _a[4], 131 с.
461 0 _1001v19\rc\1564333
_12001#$aТруды по обзору действий Эмеритальной кассы ведомства Министерства юстиции...$v... за третье пятилетие
_93989908
_aРоссия. Министерство юстиции
_cСанкт-Петербург
_d1890-1913
_tТруды по обзору действий Эмеритальной кассы ведомства Министерства юстиции...
_v... за третье пятилетие
517 0 _aПодготовительные работы
801 0 _aRU
_bNLR
_gpsbo
801 0 _aRU
_bRuMoRGB
_2psbo
801 1 _aRU
_bProSoft-M
_2rusmarc
852 _aNLR
_j34.1.1.34(1)
899 _aRuMoRGB
_jA 162/40
899 _aБАН
942 _cBOOK
980 _aNB